Decoherence: phases washed out or smeared recoil drift

Bibliographic Details
Main Author: Steuernagel, O. (Author)
Format: Article
Language:Slovak
English
PhysicalDescription:Obr.
ISSN:0323-0465
Subjects:

MARC

LEADER 00000nab a2200000 a 4500
001 vtls000659457
003 SK-MaSNL
005 20260304090458.0
008 250425c1996 xo 0 slo
015 |a SNBRB1998/04-08656 
035 |a CLN000011649 
035 |a urn:nbn:sk:snk-abhzb 
035 |a (urnnbn)urn:nbn:sk:snk:ar-a04bmd 
035 |a (uuid)31a2f4fd-ba78-4847-a089-543c865be389 
040 |a SNKBUCL  |b slo  |c SNKBUCL  |e AACR2 
041 0 |a eng 
044 |a xo  |c SK 
080 |a 535.14  |2 1997 
080 |a 530.145  |2 1997 
080 |a 539.122  |2 1997 
080 |a 539.184  |2 1997 
100 1 |a Steuernagel, O.  |4 aut  |9 1381589 
245 1 0 |a Decoherence: phases washed out or smeared recoil drift  |c O. Steuernagel 
300 |b Obr. 
504 |a Bibliogr. odkazy 
650 0 7 |a atómy  |x fotóny  |x emisia  |x dekoherencia  |2 snkbucl  |9 1381590 
650 0 7 |a fotóny  |x emisia  |2 snkbucl  |9 1381591 
655 7 |a články z novín a časopisov  |2 snkbucl  |9 267496 
773 0 |t Acta physica slovaca  |g Roč. 46, č. 3 (1996), s. 493-497  |x 0323-0465 
850 |a Slovenská národná knižnica 
852 |a Slovenská národná knižnica 
958 |a article27 
958 |a OND 
958 |a EUIPO 
999 |c 2811587  |d 2813517